U.S. Presidents who served in the U.S. Navy - Statistics

General Stats
  • This quiz has been taken 29 times
  • The average score is 6 of 6
Answer Stats
Hint Answer % Correct
PT-109 John F. Kennedy
100%
naval aviator George H. W. Bush
92%
Pacific supply officer Richard Nixon
92%
USS Monterey Gerald Ford
88%
submarines / nuclear Jimmy Carter
88%
Naval Reserve Lyndon B. Johnson
88%
No matching quizzes found
Score Distribution
Percent of People with Each Score
Percentile by Number Answered
Your Score History
You have not taken this quiz